El deber de un soldado / (Record no. 132231)

MARC details
000 -LEADER
campo de control de longitud fija 00548nam a2200181 4500
001 - NÚMERO DE CONTROL
campo de control 132231
003 - IDENTIFICADOR DE NÚMERO DE CONTROL
campo de control ES-MaACL
005 - FECHA Y HORA DE LA ÚLTIMA TRANSACCIÓN
campo de control 20230906194131.0
007 - CAMPO FIJO DE DESCRIPCIÓN FÍSICA--INFORMACIÓN GENERAL
campo de control de longitud fija t|
008 - DATOS DE LONGITUD FIJA--INFORMACIÓN GENERAL
campo de control de longitud fija 070214s1970 sp r ||||1| spa d
100 1# - ENTRADA PRINCIPAL--NOMBRE DE PERSONA
Nombre de persona Rokossovski, Konstantin K.
9 (RLIN) 99121
245 13 - MENCIÓN DEL TÍTULO
Título El deber de un soldado /
Mención de responsabilidad, etc. Konstantin K. Rokossovski ; traducción de Angel C. Tomás.
250 ## - MENCION DE EDICION
Mención de edición 1ª. ed.
260 ## - PUBLICACIÓN, DISTRIBUCIÓN, ETC.
Lugar de publicación, distribución, etc. Barcelona :
Nombre del editor, distribuidor, etc. Bruguera,
Fecha de publicación, distribución, etc. 1970.
300 ## - DESCRIPCIÓN FÍSICA
Extensión 350 p., 8 lám. ;
Dimensiones 21 cm.
700 1# - ENTRADA AGREGADA--NOMBRE PERSONAL
Nombre de persona Tomás, Angel C.
9 (RLIN) 110498
852 ## - LOCALIZACIÓN
Ubicación ES-MaACL
Número de control de estantería C-39716
Sublocalización o colección R.73487
Holdings
Estatus retirado Estado de pérdida Estado de daño No para préstamo Biblioteca de origen Biblioteca actual Ubicación en estantería Fecha de adquisición Fuente de adquisición Total de préstamos Signatura topográfica completa Código de barras Visto por última vez Precio de reemplazo Tipo de ítem Koha
        Biblioteca del Ateneo de Madrid Biblioteca del Ateneo de Madrid Depósito 2 17/01/2008     C-39716 1137666 23/02/2023 23/02/2023 Libro impreso